000 00278nam a2200121Ia 4500
008 240624s9999 xx 000 0 und d
041 _aeng
082 _a823 O'BR
100 _aO BRIEN TERRY
245 _a50 GREATEST SHORT STORIES
260 _c2015
_aNoida
_bRupa
365 _cRS
999 _c28578
_d28578